Marine ecological processes
Saved in:
| Hovedforfatter: | |
|---|---|
| Format: | Bog |
| Sprog: | engelsk |
| Udgivet: |
Boston
Springer
1995
|
| Udgivelse: | 2a. ed |
| Fag: | |
| Tags: |
Tilføj Tag
Ingen Tags, Vær først til at tagge denne postø!
|
MARC
| LEADER | 00000cam a2200000 a 4500 | ||
|---|---|---|---|
| 001 | UCN0816 | ||
| 003 | CL-VaPUC | ||
| 008 | 010330e19950000US |||||||||||||||||eng|d | ||
| 082 | 0 | 4 | |a 577.7 |b VAL |2 21 |
| 100 | 0 | |a Valiela, Iván |e author |9 456057 | |
| 245 | 1 | 0 | |a Marine ecological processes |
| 250 | |a 2a. ed | ||
| 300 | |a 686 p | ||
| 942 | |c BK | ||
| 945 | |d 20010330 00:00:00 |a vberengu | ||
| 260 | |a Boston |b Springer |c 1995 | ||
| 650 | 0 | |a Ecología marina |9 259946 | |
| 650 | 7 | |a MEDIO AMBIENTE MARINO |2 CL-VaPUC |9 456058 | |
| 650 | 0 | |a Ecosistemas marinos |9 343701 | |
| 650 | 0 | |a Vida marina |9 358177 | |
| 583 | |a last modification |c 20140304 04:57:59 |k Rodrigo Vera | ||
| 999 | |c 294440 |d 294438 | ||
| 952 | |0 0 |1 0 |4 0 |6 577_700000000000000_VAL_1995 |7 0 |8 CCM |9 346866 |a BIBCUR |b BIBCUR |d 2019-11-20 |i 3708691 |l 2 |o 577.7 VAL 1995 |p 3708691 |r 2025-04-22 |s 2024-10-15 |w 2019-11-20 |y BK |k RNT | ||
| 952 | |0 0 |1 0 |3 erd |4 0 |6 577_700000000000000_VAL_1995 |7 0 |8 CCM |9 346867 |a BIBCUR |b BIBCUR |i 5059887 |o 577.7 VAL 1995 |p 5059887 |r 2025-04-22 |w 2019-11-20 |y BK |z Catalogado en:20140307 |k CIM | ||